000 00660nam a2200289Ia 4500
005 20260324145556.0
008 008 260324s9999 xx 000 0 eng d
020 _a9781003209065
037 _aEBOOK
040 _aCRL
040 _beng
040 _cCRL
041 _2eng
041 _aeng
084 _qCRL
100 _aPhilip L. Walker
_91223439
245 0 _aChemistry & Physics of Carbon
245 0 _bVolume 16
260 _bTaylor and Francis
260 _c1981
365 _a
365 _b465
856 _uhttp://www.taylorfrancis.com/books/9781003209065
942 _cEBOOK
999 _c1831552
_d1831552